01246 2200241 4500001002100000005001500021035002000036007000300056008004100059020002100100082001000121084001600131100002000147245013500167250000600302260004700308300004600355700001900401700001700420650005600437520049400493990001700987INLIS00000000000088020260506072429 a0010-0823000044ta260506 j 0 ind  a978-979-03-447-3 a611.2 a611.2 DED s0 aDede Abdurohman1 aSistem Pernapasan :boksigen memberi napas yang menyegarkan /cDede Abdurohman ; editor, Tatik Widyah R ; ilustrator, Imam Permana a- aJakarta :bNectar ( Anggota IKAPI ),c2013 a32 :bilus. ; gambar berwarna ;c28 cme-0 aTatik Widyah R0 aImam Permana 4aFungsi saraf dan indera perasa - Bacaan Kanak-kanak aTahukah kamu bagaimana sistem kerja pernapasan kita Apa saja fungsi dari alat alat pernapasan kita Berapa kali kita bernapas dalam 1 menit Bagaimana cara menjaga dan memelihara kesehatan alat pernapasan kita Mengapa rokok sangat mengganggu kesehatan Ingin tahu jawabannya Bersama Yumi dan Made kita akan berpetualang menjelajahi cara kerja sistem pernapasan manusia dan hal hal unik lainnya yang menakjubkan Dapatkan petualangan seru lainnya dalam buku Seri Bagaimana Organ Tubuhmu Bekerja a00085/K/2017